Guess The American Brands! #26 - Statistics

General Stats
  • This quiz has been taken 27 times
  • The average score is 10 of 24
Answer Stats
Picture Answer % Correct
Cars
87%
Jim Beam
70%
Doors
61%
CVS
57%
Messenger
57%
Ninja Turtles
57%
Ratatouille
57%
Dallas Stars
52%
50 Cent
43%
Anaheim Ducks
43%
Big Boy
43%
Pan Am
43%
Discover
39%
VLC
39%
LA Kings
35%
Milton Bradley
35%
Bulova
30%
Google Wallet
30%
Miller
30%
Big Lots
26%
Gimp
26%
Piper
22%
Sam's Club
17%
Symantec
13%
No matching quizzes found
Score Distribution
Percent of People with Each Score
Percentile by Number Answered
Your Score History
You have not taken this quiz